000 00637nam a2200253Ia 4500
003 OSt
005 20220912152041.0
006 a|||||r|||| 00| 0
007 ta
008 220909b |||||||| |||| 00| 0 eng d
024 _a60665
037 _cTextual
040 _aCSL
_beng
_cCSL
041 _aeng
082 _aL9C:4:691, L5
100 _aPless I B
245 0 _aChronic childhood disorder-promoting patterns of adjustment
260 _c1975
300 _ap.
_ccm.
650 _aMedicine
700 _a Pinkerton P
942 _hL9C:4:691, L5
_cTEXL
_2CC
999 _c79993
_d79993